[Event "Andalucia-ch U10 1011"]
[Site "Almeria"]
[Date "2011.03.25"]
[Round "4.10"]
[White "Parreno Dominguez, Pablo"]
[Black "Borrego Martinez, Alberto"]
[Result "0-1"]
[WhiteElo "1208"]
[BlackElo "1334"]
[PlyCount "37"]
[EventDate "2011.03.25"]
[EventType "swiss"]
[EventRounds "9"]
[EventCountry "ESP"]
[SourceTitle "EXT 2024"]
[Source "ChessBase"]
[SourceDate "2023.10.10"]
[SourceVersion "1"]
[SourceVersionDate "2023.10.10"]
[SourceQuality "1"]

1. e4 e5 2. Nf3 Nc6 3. Bc4 Nf6 4. Ng5 d5 5. exd5 Na5 6. Be2 Qxd5 7. Nc3 Qxg2 8. Rf1 Qxg5 9. d4 Qf5 10. Bd3 Qe6 11. dxe5 Qxe5+ 12. Kd2 Bb4 13. Re1 Qxe1+ 14. Qxe1+ Be6 15. a3 Bxc3+ 16. bxc3 0-0 17. Kd1 Rfe8 18. Qg1 Kh8 19. Bg5 0-1